00385nam a2200157Ia 45000010006000000050017000060080041000230410008000640820016000721000036000882450043001242600009001673000035001766500008002116540008002191765120260306171533.0260306s9999||||xx |||||||||||||| ||und|| aESP a658.15bA32 aAguilar Díaz, InmaculadaeAUT 0aFinanzas corporativas en la práctica c2012 axviii, 388 páginas :c24 cm. aGEN aCAN